01288cam a2200301 a 4500001000200000003000900002005001700011007000200028008004000030010000600070020001800076040002200094082002300116111009600139245010500235246002000340246003500360260005900395300002800454490001500482500006700497505026600564650006600830650002600896650003600922650000600958700002200964 DO-SdBNP20220304101328.0 020930s2017 dr a 000 1 spa  a  a9789945492989 aBPMSUcspabBPMSU aRD863.5bF356v2222 aFeria Regional del Libro Hato Mayor n(12a. :d2016 ;cHato Mayor, República Dominicana )10aVoces del este : bcuentos gandores del Certamen de la Región Este /cEsmarlin Moreta...[y otros] 13aVoces del este 13aCertámen de la región este aSanto Domingo :bFeria Regional de Hato Mayor, c 2017 a35 p. :bil. ;c21 cm.0 aNarrativa  3Jurado Avelino Stanley, Nan Chavalier y Rafael Peralta Romero 0 tPrimer lugar : Jabel /Melissa Berroa -- Segundo lugar : La obra maestra / Natacha Tatlle -- Tercer lugar : La trampa / Luis Rodríguez Delfín -- Mensiones Los aboltos de las tinieblas / Jonás Sánchez Paulino -- La apuesta / Luis Rodríguez Delfín.a  4aCertámenes literarios zHato Mayor (República Dominicana) 4aLiteratura dominicana 4aCuentos dominicanos vConcursos 4a 1 aMoreta, Esmarlin